|
|
|
|
| LEADER |
04065nam a22003973i 4500 |
| 001 |
EBC6695158 |
| 003 |
MiAaPQ |
| 005 |
20231204023217.0 |
| 006 |
m o d | |
| 007 |
cr cnu|||||||| |
| 008 |
231204s2016 xx o ||||0 ger d |
| 020 |
|
|
|a 9783839436073
|q (electronic bk.)
|
| 020 |
|
|
|z 9783837636079
|
| 035 |
|
|
|a (MiAaPQ)EBC6695158
|
| 035 |
|
|
|a (Au-PeEL)EBL6695158
|
| 035 |
|
|
|a (OCoLC)979596221
|
| 040 |
|
|
|a MiAaPQ
|b eng
|e rda
|e pn
|c MiAaPQ
|d MiAaPQ
|
| 100 |
1 |
|
|a Lütjen, Torben.
|
| 245 |
1 |
4 |
|a Die Politik der Echokammer :
|b Wisconsin und die ideologische Polarisierung der USA.
|
| 250 |
|
|
|a 1st ed.
|
| 264 |
|
1 |
|a Bielefeld :
|b transcript,
|c 2016.
|
| 264 |
|
4 |
|c {copy}2016.
|
| 300 |
|
|
|a 1 online resource (299 pages)
|
| 336 |
|
|
|a text
|b txt
|2 rdacontent
|
| 337 |
|
|
|a computer
|b c
|2 rdamedia
|
| 338 |
|
|
|a online resource
|b cr
|2 rdacarrier
|
| 490 |
1 |
|
|a Studien des Göttinger Instituts für Demokratieforschung zur Geschichte politischer und gesellschaftlicher Kontroversen ;
|v v.11
|
| 505 |
0 |
|
|a Cover -- Inhalt -- Historische Voraussetzungen und Kennzeichen der ideologischen Polarisierung der USA -- I. Einleitung: Der Traum von der Versöhnung und die Realität der Spaltung -- II. Vorspiel zur Gegenwart: Das Zerbrechen des Amerikanischen Konsens. Die USA 1964-1980 -- Land ohne Ideologien? -- Der Strategiewechsel der Demokratischen Partei und das Southern Realignment -- Das „Scheitern" der Great Society und die Silent Majority -- Die Transformation des amerikanischen Liberalismus -- Culture War: Religion als neue Konfliktlinie -- III. Red and Blue America: Kennzeichen der Polarisierung im Zeitalter des Amerikanischen Dissens -- Klasse und Kultur: Über das Verschmelzen zweier Konfliktlinien -- Partisan Nation: Die Stabilisierung des amerikanischen Elektorats -- Expansion und Lagerbildung: Das Comeback der amerikanischen Parteien und Parteilichkeit als Ordnungsprinzip -- Expedition in das Herz der Echokammer: Die Wisconsin-Feldstudie -- IV. Lebenswelten, Milieus, echo chambers: Zum Prozess gesellschaftlicher Segmentierung in historischer Perspektive -- V. Zwei aus Dreitausend: Methodische Vorüberlegungen -- Amerikas Hochburgen: Die Wahltopographie der USA und die Theorie des Big Sort -- Begründung der Fallauswahl -- Methodischer Feldzugang, Materialarten und Datenlage -- VI. Spielfeld und Akteure: Madison, Wisconsin, Februar 2011 -- VII. Die Geburt der Hochburg -- Dane County: Von der Counter Culture zur Cyber Culture -- „A little piece of land": Waukesha County und der Republican Flight -- VIII. Die Soziologie der Hochburg -- „No one I know voted for Scott Walker": Soziale Homophilie und Netzwerkhomogenität -- Der Effekt der Echokammer: Gruppenpolarisierung und die „Radikalisierung" der Mehrheitskultur -- Soziale Kontrolle und die ideologische Durchdringung der Zivilgesellschaft - oder: Warum es Republikaner in Dane County schwerer haben.
|
| 505 |
8 |
|
|a IX. Die (Lokal-)Politik der Hochburg -- Dane County: Polarisierung als Erfolgsstrategie -- Waukesha County: Die Tea Party in der Lokalpolitik -- X. Zum Schluss: Sonderweg oder Laboratorium der Zukunft? Die ideologische Polarisierung der USA als Fall Paradoxer Individualisierung -- Anhang -- Danksagung -- Liste der Gesprächspartner -- Quellen- und Literaturverzeichnis -- Fragebogen der Dane-Waukesha-Polarization-Study (DWPS).
|
| 588 |
|
|
|a Description based on publisher supplied metadata and other sources.
|
| 590 |
|
|
|a Electronic reproduction. Ann Arbor, Michigan : ProQuest Ebook Central, 2023. Available via World Wide Web. Access may be limited to ProQuest Ebook Central affiliated libraries.
|
| 655 |
|
4 |
|a Electronic books.
|
| 776 |
0 |
8 |
|i Print version:
|a Lütjen, Torben
|t Die Politik der Echokammer
|d Bielefeld : transcript,c2016
|z 9783837636079
|
| 797 |
2 |
|
|a ProQuest (Firm)
|
| 830 |
|
0 |
|a Studien des Göttinger Instituts für Demokratieforschung zur Geschichte politischer und gesellschaftlicher Kontroversen
|
| 856 |
4 |
0 |
|u https://ebookcentral.proquest.com/lib/matrademy/detail.action?docID=6695158
|z Click to View
|